Normal view
MARC view
- القانون المدني -- حقوق شخصية -- أصول المحاكمات -- مصادر الالتزام
Entry Topical Term
001 - CONTROL NUMBER
- control field: 31211
003 - CONTROL NUMBER IDENTIFIER
- control field: JO-AjAnu
005 - DATE AND TIME OF LATEST TRANSACTION
- control field: 20230606075246.0
008 - FIXED-LENGTH DATA ELEMENTS
- fixed length control field: 230606|| aca||aabn | a|a d
040 ## - CATALOGING SOURCE
- Original cataloging agency: JO-AjAnu
- Transcribing agency: JO-AjAnu
150 ## - HEADING--TOPICAL TERM
- Topical term or geographic name entry element: القانون المدني -- حقوق شخصية -- أصول المحاكمات -- مصادر الالتزام
670 ## - SOURCE DATA FOUND
- Source citation: Work cat.: (JO-AjAnu)16027: السرحان ، عدنان ابراهيم , author 31210, شرح القانون المدني : مصادر الحقوق الشخصية ، الإلتزامات" دراسة مقارنة "